|
|
|
|
| LEADER |
00000nab a2200000 a 4500 |
| 001 |
vtls000228975 |
| 003 |
SK-MaSNL |
| 005 |
20260305042549.0 |
| 008 |
140423c1985 xo 0 slo |
| 015 |
|
|
|a SNBRB19rr/mm-uuuuu
|
| 035 |
|
|
|a CL0239089
|
| 040 |
|
|
|a SNKBUCL
|b slo
|c SNKBUCL
|e AACR2
|
| 041 |
0 |
|
|a slo
|
| 044 |
|
|
|a xo
|c SK
|
| 080 |
|
|
|a 82:655.4
|2 1981
|
| 080 |
|
|
|a 655.4
|2 1981
|
| 080 |
|
|
|a 820/899 (100)
|2 1981
|
| 100 |
1 |
|
|a Srnenská, Jarmila,
|d 1928-2011
|4 aut
|9 229348
|
| 245 |
1 |
0 |
|a Z pohľadu slovenských vydavateľstiev
|c Jarmila Srnenská
|
| 650 |
0 |
7 |
|a vydavateľstvá slovenské
|2 snkbucl
|9 922208
|
| 650 |
0 |
7 |
|a ázijská literatúra
|2 snkbucl
|9 1775
|
| 650 |
0 |
7 |
|a africké literatúry
|2 snkbucl
|9 69125
|
| 650 |
0 |
7 |
|a latinskoamerické literatúry
|2 snkbucl
|9 1187
|
| 655 |
|
7 |
|a články z novín a časopisov
|2 snkbucl
|9 267496
|
| 655 |
|
7 |
|a články z odboru literárna veda a krásna literatúra
|2 snkbucl
|9 770045
|
| 773 |
0 |
|
|t Revue svetovej literatúry
|g Roč. 21, č. 6 (1985), s. 171-173
|
| 850 |
|
|
|a Slovenská národná knižnica v Martine
|a MTA001
|
| 852 |
|
|
|a SNK
|b KIS3GCP
|
| 958 |
|
|
|a RK
|
| 958 |
|
|
|a LX
|
| 999 |
|
|
|c 3349913
|d 3351843
|